Países más cercanos a Argentina - ¡Muerte súbita! - Estadísticas

Estadísticas generales
  • Esta prueba ha sido intentada 106 veces
  • La puntuación promedio es 9 de 15
Answers on the Grid
Answers color-coded by a green-red scale on the quiz's grid according to % correct below.
Chile
Uruguay
Paraguay
Bolivia
Brasil
Perú
Ecuador
Surinam
Guyana
Colombia
Venezuela
Trinidad y Tobago
Granada
San Vicente y las Granadinas
Barbados
Santa Lucía
Dominica
San Cristóbal y Nieves
Antigua y Barbuda
Haití
República Dominicana
Jamaica
Panamá
Costa Rica
Nicaragua
Honduras
El Salvador
Guatemala
Belice
México
 
Estadísticas de respuestas
Respuesta % Correcto
Bolivia
93%
Uruguay
93%
Chile
90%
Brasil
86%
Perú
86%
Paraguay
83%
Colombia
80%
Ecuador
78%
Venezuela
78%
Surinam
51%
Guyana
44%
Trinidad y Tobago
24%
San Vicente y las Granadinas
5%
Granada
3%
Barbados
2%
No se encontraron pruebas coincidentes
Distribución de puntuación
Porcentaje de gente con cada puntuación
Porcentaje por número respondido
Historial de tus puntuaciones
No has intentado esta prueba.